Απάνω Σκάλα η Μυτιληνιά : ''η γειτονιά του ονείρου''
Αποθηκεύτηκε σε:
| Κύριος συγγραφέας: | |
|---|---|
| Μορφή: | Βιβλίο |
| Γλώσσα: | Greek |
| Δημοσίευση: |
Μυτιλήνη :
Εντελέχεια,
[2006].
|
| Θέματα: | |
| Ετικέτες: |
Προσθήκη ετικέτας
Δεν υπάρχουν, Καταχωρήστε ετικέτα πρώτοι!
|
MARC
| LEADER | 00000nam a2200000 a 4500 | ||
|---|---|---|---|
| 001 | 1/127742 | ||
| 008 | 231124q ####gr | ||| |||| ||gre|| | ||
| 020 | |a 9607886011 | ||
| 040 | |a GR-MyUa |b gre |c GR-MyUa |e AACR2 | ||
| 041 | 0 | |a gre | |
| 082 | 7 | |a 938.974 |2 (23) | |
| 100 | 1 | |a Αναγνωστοπούλου, Μαρία Α., |d 1922- | |
| 245 | 1 | 0 | |a Απάνω Σκάλα η Μυτιληνιά : |b ''η γειτονιά του ονείρου'' / |c Μαρία Αχ. Αναγνωστοπούλου. |
| 260 | |a Μυτιλήνη : |b Εντελέχεια, |c [2006]. | ||
| 300 | |a 207 σ. ; |c 24 εκ. | ||
| 650 | 0 | |a Refugees |z Greece |z Mytilene (Lesbos) |x History |y 20th century. | |
| 650 | 0 | |a Neighborhood |z Greece |z Mytilene (Lesbos) | |
| 852 | |a INST |b LESVOS |e 20231124 |h 938.974 ΑΝΑ |p 005100065629 |q 005100065629 |t BK |y 0 | ||
| 970 | |a Δημάκη |b Μαρία |z 24-11-2023 | ||